|
|
|
|
| LEADER |
00000nam a2200000 a 4500 |
| 001 |
vtls001562358 |
| 003 |
SK-MaSNL |
| 005 |
20260302073958.0 |
| 008 |
180406s2003 ru obl g h 000 1arus |
| 020 |
|
|
|a 517018624X
|q (viaz. : Ast, Moskva)
|
| 020 |
|
|
|a 5957802549
|q (viaz. : Tranzitkniga, Moskva)
|
| 040 |
|
|
|a SNK
|b slo
|c SNK
|e AACR2
|
| 041 |
0 |
|
|a rus
|
| 043 |
|
|
|a e-gx---
|a fe-----
|
| 044 |
|
|
|a ru
|c RU
|
| 072 |
|
7 |
|a 929
|x Biografie
|2 konspekt
|
| 072 |
|
7 |
|a 355/359
|x Vojenstvo. Obrana krajiny. Ozbrojené sily
|2 konspekt
|
| 080 |
|
|
|a 355.083
|2 2001
|
| 080 |
|
|
|a 94(100)"1914/1918"
|2 2001
|
| 080 |
|
|
|a 355.422
|2 2001
|
| 080 |
|
|
|a (430)
|2 2001
|
| 080 |
|
|
|a (6-11)
|2 2001
|
| 080 |
|
|
|a (0:82-94)
|2 2001
|
| 245 |
0 |
0 |
|a Zamorskije teatry Pervoj mirovoj vojny
|
| 260 |
|
|
|a Moskva
|b AST
|b Tranzitkniga
|c 2003
|
| 300 |
|
|
|a 537 s., 65 obr. na príl.
|b mp., tab.
|c 21 cm
|
| 490 |
1 |
|
|a Vojenno-istoričeskaja biblioteka
|
| 500 |
|
|
|a Dokument obsahuje 2 diela od rôznych autorov
|
| 600 |
1 |
7 |
|a Lettow-Vorbeck, Paul von,
|d 1870-1964
|2 SNKPH
|9 739032
|
| 650 |
0 |
7 |
|a generáli
|z Nemecko
|2 SNKPH
|9 712981
|
| 650 |
0 |
7 |
|a prvá svetová vojna (1914-1918)
|2 SNKPH
|9 162650
|
| 650 |
0 |
7 |
|a bojové operácie
|2 SNKPH
|9 74756
|
| 651 |
|
7 |
|a Afrika východná
|2 SNKPHgeo
|9 168903
|
| 655 |
|
7 |
|a autobiografické spomienky
|2 SNKPH
|9 70489
|
| 655 |
|
7 |
|a literatúra faktu
|2 SNKPH
|9 70526
|
| 700 |
1 |
|
|a Lettow-Vorbeck, Paul von,
|d 1870-1964
|t Moi vospominanija o Vostočnoj Afrike
|9 739033
|
| 700 |
1 |
|
|a Isakov, I. S.
|t Operacija japoncev protiv Cindao v 1914 g.
|9 739034
|
| 830 |
|
0 |
|a Vojenno-istoričeskaja biblioteka
|9 303441
|
| 919 |
|
|
|a 5-17-018624-X
|
| 919 |
|
|
|a 5-9578-0254-9
|
| 999 |
|
|
|c 1163130
|d 1165060
|
| 952 |
|
|
|a SNK
|b SNK
|y VYP
|7 0
|p 17A0468358
|o snkIC 132219
|i snk2005/7847
|8 2
|g 9.96
|0 0
|1 0
|4 0
|d 2005-04-27
|l 0
|r 2026-02-24 20:39:40
|w 2026-02-24
|